Movies Quiz

Random Movies or War Quiz

Star Wars Top 10 Jedi Quiz Stats

 Plays Quiz not verified by Sporcle

Score 0/10 Timer 10:00
0 Plays Today
Species Jedi % Correct
UnknownYoda
98.8%
HumanObi Wan Kenobi
96.9%
HumanAnakin Skywalker
92%
HumanMace Windu
85.3%
HumanLuke Skywalker
81%
NautolanKit Fisto
70.6%
CereanKi Adi Mundi
67.5%
Kel DorPlo Koon
65.6%
Iridonian ZabrakEeth Koth
40.5%
IktotchiSaesee Tiin
35.6%

You're not logged in!

Compare scores with friends on all Sporcle quizzes.
OR
Log In

Show Comments

Extras

Created Aug 19, 2015ReportNominate
Tags:War Quiz, form, jedi, leave, review, star, Top 10

Top Quizzes Today


Score Distribution

Your Account Isn't Verified!

In order to create a playlist on Sporcle, you need to verify the email address you used during registration. Go to your Sporcle Settings to finish the process.

Report this User

Report this user for behavior that violates our Community Guidelines.

Details: